| 000 | 01028cam a2200277 i 4500 | ||
|---|---|---|---|
| 001 | 43596 | ||
| 003 | Mx-PuUPA | ||
| 005 | 20250708143655.0 | ||
| 008 | 140415s1973 mx gr 001 0 spa d | ||
| 040 |
_aMX-PuUPA _bspa _erda _cMx-PuUPA _dMx-PuUPA |
||
| 041 | 0 | _aspa | |
| 100 | 1 |
_aMárquez Fuentes, Manuel, _d1943- _eautor _95206 |
|
| 245 | 1 | 3 |
_aEl partido comunista mexicano : _b(en el periodo de la Internacional Comunista: 1919-1943) / _cManuel Márquez Fuentes y Octavio Rodríguez Araujo. |
| 250 | _aSegunda edición | ||
| 264 | 1 |
_aMéxico, D. F. : _bEdiciones El Caballito, _c1973 |
|
| 300 |
_a372 páginas ; _c20 cm. |
||
| 336 |
_atexto _2rdacontent _btxt |
||
| 337 |
_asin medio _2rdamedia _bn |
||
| 338 |
_avolumen _2rdacarrier _bnc |
||
| 650 | 7 |
_aPartido comunista mexicano _xHistoria _2armarc |
|
| 650 | 7 |
_aComunista internacional _xHistoria _2armarc |
|
| 700 | 1 |
_aRodríguez Araujo, Octavio, _eautor _95207 |
|
| 942 |
_2ddc _cLI _h335.430972 _iM28 |
||
| 999 |
_c43596 _d43596 |
||